Diccionario de la lengua española
Sparad:
| Institutionell upphovsman: | |
|---|---|
| Materialtyp: | Bok |
| Språk: | spanska |
| Publicerad: |
Madrid
Real Academia Española
1984
|
| Upplaga: | 20a. ed |
| Ämnen: | |
| Taggar: |
Lägg till en tagg
Inga taggar, Lägg till första taggen!
|
MARC
| LEADER | 00000nam a2200000 a 4500 | ||
|---|---|---|---|
| 001 | UCZ0115 | ||
| 003 | CL-VaPUC | ||
| 008 | 950724e19840000SP |||||||||||||||||spa|d | ||
| 082 | 0 | 4 | |a 463 |b REA |2 21 |
| 110 | 2 | |a Real Academia Española |e author |9 342729 | |
| 245 | 1 | 0 | |a Diccionario de la lengua española |
| 250 | |a 20a. ed | ||
| 300 | |a 2 v | ||
| 942 | |c BK | ||
| 945 | |d 19950724 00:00:00 |a cmena | ||
| 260 | |a Madrid |b Real Academia Española |c 1984 | ||
| 650 | 0 | |a Español |9 255372 | |
| 650 | 0 | |a Lingüística |9 265068 | |
| 650 | 0 | |a Diccionarios |9 256200 | |
| 650 | 0 | |a Glosarios |9 261047 | |
| 583 | |a last modification |c 20130328 13:31:36 |k Rodrigo Vera | ||
| 999 | |c 237083 |d 237081 | ||
| 952 | |0 0 |1 0 |4 0 |6 463_000000000000000_REA_1984 |7 0 |8 F |9 245842 |a BIBEDU |b BIBEDU |d 2019-11-18 |h v.1 |i 1542907 |o 463 REA 1984 |p 1542907 |r 2023-01-13 |w 2019-11-18 |y BK_F |k EDU | ||
| 952 | |0 0 |1 0 |4 0 |6 463_000000000000000_REA_1984 |7 0 |8 F |9 245843 |a BIBEDU |b BIBEDU |d 2019-11-18 |h v.2 |i 1542915 |o 463 REA 1984 |p 1542915 |r 2023-01-13 |w 2019-11-18 |y BK_F |k EDU | ||
| 952 | |0 0 |1 0 |4 0 |6 463_000000000000000_REA_1984 |7 0 |8 F |9 245844 |a BIBARQ |b BIBARQ |d 2019-11-18 |h v.1 |i 3244741 |o 463 REA 1984 |p 3244741 |r 2025-01-20 |w 2019-11-18 |y BK_F |k ARQ | ||
| 952 | |0 0 |1 0 |4 0 |6 463_000000000000000_REA_1984 |7 0 |8 F |9 245845 |a BIBARQ |b BIBARQ |d 2019-11-18 |h v.2 |i 324475K |o 463 REA 1984 |p 324475K |r 2025-01-20 |w 2019-11-18 |y BK_F |k ARQ | ||
| 952 | |0 0 |1 0 |4 0 |6 463_000000000000000_REA_1984 |7 0 |8 F |9 245846 |a BIBEDU |b BIBEDU |d 2019-11-18 |h v.2 |i 1982435 |o 463 REA 1984 |p 1982435 |r 2023-01-13 |w 2019-11-18 |y BK_F |k LIT | ||
| 952 | |0 0 |1 0 |4 0 |6 463_000000000000000_REA_1984 |7 0 |8 F |9 245847 |a BIBEDU |b BIBEDU |d 2019-11-18 |h v.1 |i 1982443 |o 463 REA 1984 |p 1982443 |r 2023-01-13 |w 2019-11-18 |y BK_F |k LIT | ||